000 00382nam a22001337a 4500
005 20250116165934.0
008 250116b |||||||| |||| 00| 0 eng d
050 _aJQ3029
_b.GYE
100 _aGyekye, kwame
245 _aPolitical corruption;
_ba philosophical analysis of a moral problem
260 _aAccra
_bSankofa Publishing Co, Ltd
_cc1997
300 _a50p
942 _2lcc
_cBK
_n0
999 _c2593
_d2593